Anime nach Bildern 3 - Statistiken

Allgemein
  • Dieses Quiz wurde 291 mal gespielt
  • Das Durchschnittsergebnis liegt bei 10 aus 16
Antwortstatistiken
Bildquiz Antwort % Korrekt
The Seven Deadly Sins
85%
Mob Psycho 100
83%
Digimon
81%
Fairy Tail
72%
Re:ZERO – Starting Life in Another World
72%
Akame ga Kill!
70%
Beastars
69%
The Promised Neverland
66%
Kuroko's Basketball
65%
Hell’s Paradise
59%
Yuri!!! on Ice
55%
Ganbare! Kickers
54%
Blue Exorcist
51%
Kakegurui
48%
Tower of God
37%
Gamers!
21%
Keine übereinstimmenden Quizze gefunden
Verteilung der Resultate
Anzahl Personen mit jedem Resultat
Perzentil nach korrekt beantworteten Fragen
Ihre Resultats-Entwicklung
Sie haben dieses Quiz noch nicht gespielt